000 00292nam a22001337a 4500
008 170728b xxu||||| |||| 00| 0 eng d
020 _a9780072231977
041 _aeng
080 _a004
100 _a32
101 _aSHK
245 _aACCESS VBA PROGRAMMING
_cBROWN,CH.E
942 _2udc
_cBK
999 _c22139
_d22139